书目信息 |
| 题名: |
土地利用/覆被遥感分析
|
|
| 作者: | 孙丹峰 著 | |
| 分册: | ||
| 出版信息: | 北京 中国大地出版社 2006 |
|
| 页数: | 183页 | |
| 开本: | 23cm | |
| 丛书名: | ||
| 单 册: | ||
| 中图分类: | F301.24-39 | |
| 科图分类: | ||
| 主题词: | 土地利用调查--遥感地面调查 , 土地利用调查 , 遥感地面调查 | |
| 电子资源: | ||
| ISBN: | 7-80097-879-6 | |
| 000 | 00840nam0 2200265 450 | |
| 001 | 003356276 | |
| 005 | 20070807145354.96 | |
| 010 | @a7-80097-879-6@dCNY60.00 | |
| 035 | @a003356276 | |
| 100 | @a20070104d2006 em y0chiy0110 ea | |
| 101 | 0 | @achi |
| 102 | @aCN@b110000 | |
| 105 | @ay z 000yy | |
| 106 | @ar | |
| 200 | 1 | @a土地利用/覆被遥感分析@Atu di li yong / fu bei yao gan fen xi@f孙丹峰著@Fsun dan feng zhu |
| 210 | @a北京@c中国大地出版社@d2006 | |
| 215 | @a183页@d23cm | |
| 330 | @a本书探讨遥感技术与其结合的应用研究,重点研究了最大似然分类、自组织神经网络系列和基于知识的遥感分类等内容。 | |
| 606 | 0 | @a土地利用调查@x遥感地面调查 |
| 606 | 0 | @a土地利用调查 |
| 606 | 0 | @a遥感地面调查 |
| 690 | @aF301.24-39@v4 | |
| 701 | 0 | @a孙丹峰@Asun dan feng@f(1971~)@4著 |
| 801 | 0 | @aCN@bNLC@c20070807 |
| 905 | @dF301.24-39@e30@f2 | |
| 土地利用/覆被遥感分析/孙丹峰著.-北京:中国大地出版社,2006 |
| 183页;23cm |
| ISBN 7-80097-879-6:CNY60.00 |
| 本书探讨遥感技术与其结合的应用研究,重点研究了最大似然分类、自组织神经网络系列和基于知识的遥感分类等内容。 |
| ● |
| 相关链接 |
|
|
|
|
正题名:土地利用/覆被遥感分析
索取号:F301.24-39/30
 
预约/预借
| 序号 | 登录号 | 条形码 | 馆藏地/架位号 | 状态 | 备注 |
| 1 | 0853415 | 208534157 | 第一样本阅览室/ [索取号:F301.24-39/30] | 在馆 | |
| 2 | 0853416 | 208534166 | 第一借阅区/ [索取号:F301.24-39/30] | 在馆 |